Inauguración del curso en el Instituto del Teatro
Publicado:
San Jorge, núm. 67 - 68 (2n semestre 1967), pàg 134 :
MARC
| LEADER | 00000nam a2200000Ia 4500 | ||
|---|---|---|---|
| 001 | |||
| 008 | 160829s9999 xx 000 0 cat d | ||
| 245 | |a Inauguración del curso en el Instituto del Teatro | ||
| 260 | |a San Jorge, núm. 67 - 68 (2n semestre 1967), pàg 134 | ||
| 610 | 1 | 0 | |a Institut del Teatre (Barcelona, Catalunya) |9 52662 |
| 901 | |a Arxiu | ||
| 942 | |n 1 | ||
| 952 | |0 0 |1 0 |4 0 |7 1 |9 49583 |a Arxiu |b Arxiu |d 2016-12-01 |l 0 |r 2016-12-01 00:00:00 |w 2016-12-01 |y ARXIU | ||
| 999 | |c 53425 |d 53425 | ||